K MODULOVEJ KOORDINÁCII V POZEMNÝCH STAVBÁCH

Bibliographic Details
Main Author: Kapusta, Jaroslav (Author)
Format: Article
Language:Slovak

MARC

LEADER 00000nab a2200000uu 4500
001 vtls010895861
003 SK-MaSNL
005 20260303141712.0
008 230222|1959 xo |||||||||||||||||slo|
015 |a SNBRB 
035 |a (urnnbn)urn:nbn:sk:snk:ar-006jez 
035 |a (uuid)02d365d6-403f-4333-96c0-6d5c1f8e1ff4 
035 |a urn:nbn:sk:snk-ab8onj 
040 |a SNKBUCL  |b slo  |c SNKBUCL  |e AACR2 
041 0 |a slo 
044 |a xo  |c SK 
100 1 |a Kapusta, Jaroslav  |4 aut  |9 655755 
245 1 0 |a K MODULOVEJ KOORDINÁCII V POZEMNÝCH STAVBÁCH  |c Jaroslav Kapusta 
773 0 |t Stavebnícky časopis : mesačník pre teoretické problémy stavebných látok a konštrukcií  |g Roč. 7, č. 5 (1959), s. 288-291 
954 |a odborná, vedecká literatúra pôvodná (slovenská)  |2 lita 
958 |a OND 
958 |a EUIPO 
958 |a article10 
999 |c 1978004  |d 1979934